000 00779nam a2200241 a 4500
001 14128
003 BD-JhCC
005 20241230101352.0
008 241212b2022 b |||| ||a| 000 0 b d
020 _a9789848004202
035 _a(BD-JhCC)14128
040 _aBD-JhCC
_dBD-JhCC
041 _abengali
082 _a158
_bMEU 2022
100 _a ‍মিউরিস,থিবাউট
245 _aইমিডিয়েটি এ্যাকশন /
_cথিবাউট ‍মিউরিস,অনু:সাইদুর রহমান ।
260 _aঢাকা:
_bঅনুভুতি;
_c2022.
300 _a55 p. :
_c21 cm.
650 _aSelf-development and meditation.
700 _aরহমান,সাইদুর
942 _2ddc
_cBK
999 _c14128
_d14128